000 00985cam a2200181ua 4500
020 _c7.00
041 _aeng
_h
082 _a601.4
_bIND/GL
110 1 _aIndian standards institution .
_bISI
_c()
245 _aGlossary of terms applicable to roof coverings /
_cIndian standards institution.
_hTextual Documents
250 _a1 /
_b.
260 _aNew Delhi :
_bIndian standards institution ,
_c1969.
300 _a22 ; .
365 _a7.00
504 _a
942 _cBK
999 _c10629
_d10629